header

A case study of Bt Maize in Kenya (Record no. 145092)

MARC details
000 -LEADER
fixed length control field 01457nam a2200349Ia 4500
082 04 - DEWEY DECIMAL CLASSIFICATION NUMBER
Classification number 631.5/23
245 02 - TITLE STATEMENT
Title A case study of Bt Maize in Kenya
260 ## - PUBLICATION, DISTRIBUTION, ETC. (IMPRINT)
Place of publication Wallingford, Oxforshire, UK ;
-- Cambridge, MA :
Name of publisher CABI Pub.,
Year of publication c2004.
300 ## - PHYSICAL DESCRIPTION
Number of Pages xviii, 281 p. :
Other physical details ill., col. maps.
490 0# - SERIES STATEMENT
Series statement Environmental risk assessment of genetically modified organisms ;
650 #0 - SUBJECT ADDED ENTRY--TOPICAL TERM
Topical Term Crops
Topical Term Transgenic plants
Topical Term Corn
700 1# - ADDED ENTRY--PERSONAL NAME
Personal name Hilbeck, A.
Personal name Andow, David Alan.
856 40 - ELECTRONIC LOCATION AND ACCESS
Uniform Resource Identifier http://site.ebrary.com/lib/rucke/Doc?id=10185858

No items available.

© 2026 Rongo University
Contact us: librarian | system librarian | Rongo university